Introduction to economics: (Record no. 11198)

MARC details
000 -LEADER
fixed length control field 00646nam a22002177a 4500
005 - DATE AND TIME OF LATEST TRANSACTION
control field 20211005133056.0
008 - FIXED-LENGTH DATA ELEMENTS--GENERAL INFORMATION
fixed length control field 211005b ||||| |||| 00| 0 eng d
020 ## - INTERNATIONAL STANDARD BOOK NUMBER
International Standard Book Number 8176800325
040 ## - CATALOGING SOURCE
Original cataloging agency IN-DiNC
Transcribing agency IN-DiNC
041 ## - LANGUAGE CODE
Language code of sung or spoken text English
082 ## - DEWEY DECIMAL CLASSIFICATION NUMBER
Classification number 338.5
Item number GOE
100 ## - MAIN ENTRY--PERSONAL NAME
Personal name Goel, JP
Relator term Author
245 ## - TITLE STATEMENT
Title Introduction to economics:
Remainder of title introductory microeconomics and statistics for economics (Class XI) /
Statement of responsibility, etc. by JP Goel and H Goswami
250 ## - EDITION STATEMENT
Remainder of edition statement V.1
260 ## - PUBLICATION, DISTRIBUTION, ETC.
Place of publication, distribution, etc. Dibrugarh:
Name of publisher, distributor, etc. Tushar publishing house,
Date of publication, distribution, etc. 2021
300 ## - PHYSICAL DESCRIPTION
Extent 540p.
650 ## - SUBJECT ADDED ENTRY--TOPICAL TERM
Topical term or geographic name entry element Microeconomics
650 ## - SUBJECT ADDED ENTRY--TOPICAL TERM
Topical term or geographic name entry element Statistical economics
700 ## - ADDED ENTRY--PERSONAL NAME
Personal name Goswami, H
Relator term Author
942 ## - ADDED ENTRY ELEMENTS (KOHA)
Source of classification or shelving scheme Dewey Decimal Classification
Koha item type Books
Holdings
Withdrawn status Lost status Source of classification or shelving scheme Damaged status Not for loan Collection code Home library Current library Shelving location Date acquired Cost, normal purchase price Total Checkouts Full call number Barcode Date last seen Date last checked out Copy number Price effective from Koha item type
    Dewey Decimal Classification     Economics Central Library, Naharkatiya College Central Library, Naharkatiya College General Stacks 05/10/2021 470.00 20 338.5 GOE 28626 22/03/2025 18/03/2025 1 05/10/2021 Books
    Dewey Decimal Classification     Economics Central Library, Naharkatiya College Central Library, Naharkatiya College General Stacks 05/10/2021 470.00 21 338.5 GOE 28627 22/01/2025 22/01/2025 2 05/10/2021 Books
    Dewey Decimal Classification     Economics Central Library, Naharkatiya College Central Library, Naharkatiya College General Stacks 05/10/2021 470.00 21 338.5 GOE 28628 01/03/2025 14/02/2025 3 05/10/2021 Books

Naharkatiya College © 2020. All rights reserved.

Powered By